00626nam a2200157 a 450000100100000000500170001000800410002704000250006824500970009326000770019030000270026770000430029404900090033795201050034699900170045100002821420200930031439.0110407s1946 dr a 000 0 spa d aDO-SdBNPbspacBNPHU00aHomenaje al mejor team dominicano de todos los tiempos. /cprólogo Juan Bautista Lamarche. aCiudad Trujillo, República Dominicana :bSociedad Pro Deportes,c1946. a74 p. :bil. ;c21 cm. aBautista Lamarche, Juanepról955209 aBNPD 0010718PDaPDbPDcCTd2011-04-07iLF1l0o p28214-10r2020-06-25w2020-06-25yLFPDZNo se presta c27706d27706